Statistics for Flags of European Capitals Quiz

Click here to take the quiz!

General Stats

  • This quiz has been taken 14 times
  • The average score is 16 of 43

Answer Stats

Answer% Correct
Amsterdam
90%
Berlin
60%
London
60%
Andorra La Vella
50%
Bern
50%
Budapest
50%
Copenhagen
50%
Dublin
50%
Helsinki
50%
Madrid
50%
Paris
50%
Stockholm
50%
Belgrade
40%
Brussels
40%
Bucharest
40%
Chisinau
40%
Lisbon
40%
Moscow
40%
Oslo
40%
Rome
40%
San Marino
40%
Athens
30%
Kiev
30%
Luxembourg
30%
Minsk
30%
Prague
30%
Reykjavik
30%
Riga
30%
Skopje
30%
Sofia
30%
Warsaw
30%
Bratislava
20%
Nicosia
20%
Podgorica
20%
Sarajevo
20%
Tallinn
20%
Tirana
20%
Vaduz
20%
Valletta
20%
Vienna
20%
Vilnius
20%
Zagreb
20%
Ljubjana
10%

Score Distribution

Percentile by Number Answered

Percent of People with Each Score

Your Score History

You have not taken this quiz